00619nam a22001817a 450000500170000000800410001702000150005805000230007310000170009624500880011325000120020126000420021330000270025550400370028265000560031970000290037570000330040420180307132454.0180306b sp ||||| |||| 00| 0 spa d a849234270604aSF757.8 bH83 20021 aHudson, Judy10aRadiología abdominal práctica en pequeños animalesc/Judy A. Hudson...[et.al] a1a ed. aBarcelona, España :bGrafica,c2002 a161 p. :bil.;c21 cm. aIncluye bibliografias e índice 72lembaRadiología veterinariaxPequeños animales1 aHudson, Judy A., eautor1 aBrawner, William R., eautor